| 000 | 01091nam a2200253Ia 4500 | ||
|---|---|---|---|
| 003 | GCL | ||
| 005 | 20240530103051.0 | ||
| 008 | 140319s9999 xx 000 0 ara d | ||
| 040 |
_aGCL / _cGCL |
||
| 082 | 0 | 4 |
_a309.62 _bق/م ح |
| 100 | 1 | _aمونتيه ، بيير | |
| 245 | 1 | 0 |
_aالحياة اليومية فى مصر فى عهد الرعامسة : _bمن القرن الثالث عشر الى القرن الثانى عشر قبل الميلاد _cتاليف مونتيه ، بيير ؛ ترجمة عزيز مرقس منصور ؛ مراجعة عبدالحميد الدواخلى |
| 260 |
_aالقاهرة : _bالدار المصرية للتأليف والترجمة ، _c1965 |
||
| 300 |
_a509 ص ؛ _c24 سم |
||
| 650 | 0 | 4 | _aالاحوال الاجتماعية |
| 650 | 0 | 4 | _aالتجارة |
| 650 | 0 | 4 | _aمصر القديمة |
| 650 | 0 | 4 | _aالحضارة الفرعونية |
| 650 | 0 | 4 | _aالصناعة |
| 650 | 0 | 4 | _aالرعامسة |
| 700 | 1 |
_aعبدالحميد الدراخلى _eمراجع |
|
| 700 | 1 |
_aعزيز مرقس منصور _eمترجم |
|
| 942 |
_2ddc _cBK |
||
| 999 |
_c36556 _d36556 |
||